Nákupné správanie zákazníkov na spotrebiteľskom trhu bakalárska práca

Salvato in:
Dettagli Bibliografici
Autore principale: Dzurjaninová, Veronika
Ente Autore: Fakulta podnikového manažmentu EU. Katedra podnikovohospodárska
Altri autori: Nemečková, Soňa
Natura: Libro
Lingua:slovacco
Pubblicazione: Bratislava 2011
Tags: Aggiungi Tag
Nessun Tag, puoi essere il primo ad aggiungerne!!

MARC

LEADER 00000nbm a2200000 4500
001 0131366
005 20161109111420.1
041 0 |a slo 
044 |a SK 
245 1 0 |a Nákupné správanie zákazníkov na spotrebiteľskom trhu  |b bakalárska práca  |c Veronika Dzurjaninová ; školiteľ: Soňa Nemečková 
264 1 |a Bratislava  |c 2011 
300 |a 46 s. 
100 1 |a Dzurjaninová, Veronika 
700 1 |a Nemečková, Soňa 
710 2 |a Fakulta podnikového manažmentu EU. Katedra podnikovohospodárska